<?xml version="1.0" encoding="UTF-8"?>
<collection xmlns="http://www.loc.gov/MARC21/slim">
<record>
  <controlfield tag="001">1028354</controlfield>
  <controlfield tag="005">20260217152914.0</controlfield>
  <datafield tag="024" ind1="7" ind2=" ">
    <subfield code="2">ISSN</subfield>
    <subfield code="a">2504-4494</subfield>
  </datafield>
  <datafield tag="024" ind1="7" ind2=" ">
    <subfield code="2">SCOPUS</subfield>
    <subfield code="a">SCOPUS:2-s2.0-105029086423</subfield>
  </datafield>
  <datafield tag="024" ind1="7" ind2=" ">
    <subfield code="2">WOS</subfield>
    <subfield code="a">WOS:001670605900001</subfield>
  </datafield>
  <datafield tag="024" ind1="7" ind2=" ">
    <subfield code="2">datacite_doi</subfield>
    <subfield code="a">10.18154/RWTH-2026-01578</subfield>
  </datafield>
  <datafield tag="024" ind1="7" ind2=" ">
    <subfield code="2">doi</subfield>
    <subfield code="a">10.3390/jmmp10010037</subfield>
  </datafield>
  <datafield tag="037" ind1=" " ind2=" ">
    <subfield code="a">RWTH-2026-01578</subfield>
  </datafield>
  <datafield tag="041" ind1=" " ind2=" ">
    <subfield code="a">English</subfield>
  </datafield>
  <datafield tag="082" ind1=" " ind2=" ">
    <subfield code="a">650</subfield>
  </datafield>
  <datafield tag="100" ind1="1" ind2=" ">
    <subfield code="0">P:(DE-82)1028356</subfield>
    <subfield code="a">Ubach, Marc</subfield>
    <subfield code="b">0</subfield>
    <subfield code="u">rwth</subfield>
  </datafield>
  <datafield tag="245" ind1=" " ind2=" ">
    <subfield code="a">Sustainability Assessment of Machining Processes in Turbine Disk Production: From Data Acquisition to Digital Anchoring in the PCF AAS Submodel</subfield>
    <subfield code="h">online</subfield>
  </datafield>
  <datafield tag="260" ind1=" " ind2=" ">
    <subfield code="a">Basel</subfield>
    <subfield code="b">MDPI</subfield>
    <subfield code="c">2026</subfield>
  </datafield>
  <datafield tag="300" ind1=" " ind2=" ">
    <subfield code="a">[1]-16</subfield>
  </datafield>
  <datafield tag="336" ind1="7" ind2=" ">
    <subfield code="0">0</subfield>
    <subfield code="2">EndNote</subfield>
    <subfield code="a">Journal Article</subfield>
  </datafield>
  <datafield tag="336" ind1="7" ind2=" ">
    <subfield code="0">PUB:(DE-HGF)16</subfield>
    <subfield code="2">PUB:(DE-HGF)</subfield>
    <subfield code="a">Journal Article</subfield>
    <subfield code="b">journal</subfield>
    <subfield code="m">journal</subfield>
  </datafield>
  <datafield tag="336" ind1="7" ind2=" ">
    <subfield code="2">BibTeX</subfield>
    <subfield code="a">ARTICLE</subfield>
  </datafield>
  <datafield tag="336" ind1="7" ind2=" ">
    <subfield code="2">DRIVER</subfield>
    <subfield code="a">article</subfield>
  </datafield>
  <datafield tag="336" ind1="7" ind2=" ">
    <subfield code="2">DataCite</subfield>
    <subfield code="a">Output Types/Journal article</subfield>
  </datafield>
  <datafield tag="336" ind1="7" ind2=" ">
    <subfield code="2">ORCID</subfield>
    <subfield code="a">JOURNAL_ARTICLE</subfield>
  </datafield>
  <datafield tag="588" ind1=" " ind2=" ">
    <subfield code="a">Dataset connected to , , , CrossRef, Journals: publications.rwth-aachen.de</subfield>
  </datafield>
  <datafield tag="591" ind1=" " ind2=" ">
    <subfield code="a">Germany</subfield>
  </datafield>
  <datafield tag="653" ind1=" " ind2="7">
    <subfield code="a">HLZPTF100</subfield>
  </datafield>
  <datafield tag="700" ind1="1" ind2=" ">
    <subfield code="0">P:(DE-82)1028357</subfield>
    <subfield code="a">Ehrenberg, David</subfield>
    <subfield code="b">1</subfield>
    <subfield code="u">rwth</subfield>
  </datafield>
  <datafield tag="700" ind1="1" ind2=" ">
    <subfield code="0">P:(DE-82)862328</subfield>
    <subfield code="a">Rudel, Viktor</subfield>
    <subfield code="b">2</subfield>
    <subfield code="e">Corresponding author</subfield>
    <subfield code="u">rwth</subfield>
  </datafield>
  <datafield tag="700" ind1="1" ind2=" ">
    <subfield code="0">P:(DE-82)013793</subfield>
    <subfield code="a">Schröder, Stefan</subfield>
    <subfield code="b">3</subfield>
    <subfield code="u">rwth</subfield>
  </datafield>
  <datafield tag="700" ind1="1" ind2=" ">
    <subfield code="0">P:(DE-82)IDM03332</subfield>
    <subfield code="a">Bergs, Thomas</subfield>
    <subfield code="b">4</subfield>
    <subfield code="u">rwth</subfield>
  </datafield>
  <datafield tag="773" ind1=" " ind2=" ">
    <subfield code="0">PERI:(DE-600)2911715-X</subfield>
    <subfield code="a">10.3390/jmmp10010037</subfield>
    <subfield code="n">1</subfield>
    <subfield code="p">37</subfield>
    <subfield code="t">Journal of manufacturing and materials processing</subfield>
    <subfield code="v">10</subfield>
    <subfield code="x">2504-4494</subfield>
    <subfield code="y">2026</subfield>
  </datafield>
  <datafield tag="856" ind1="4" ind2=" ">
    <subfield code="u">http://publications.rwth-aachen.de/record/1028354/files/1028354.pdf</subfield>
    <subfield code="y">OpenAccess</subfield>
  </datafield>
  <datafield tag="909" ind1="C" ind2="O">
    <subfield code="o">oai:publications.rwth-aachen.de:1028354</subfield>
    <subfield code="p">VDB</subfield>
    <subfield code="p">dnbdelivery</subfield>
    <subfield code="p">driver</subfield>
    <subfield code="p">open_access</subfield>
    <subfield code="p">openaire</subfield>
  </datafield>
  <datafield tag="910" ind1="1" ind2=" ">
    <subfield code="0">I:(DE-588b)36225-6</subfield>
    <subfield code="6">P:(DE-82)1028356</subfield>
    <subfield code="a">RWTH Aachen</subfield>
    <subfield code="b">0</subfield>
    <subfield code="k">RWTH</subfield>
  </datafield>
  <datafield tag="910" ind1="1" ind2=" ">
    <subfield code="0">I:(DE-588b)36225-6</subfield>
    <subfield code="6">P:(DE-82)1028357</subfield>
    <subfield code="a">RWTH Aachen</subfield>
    <subfield code="b">1</subfield>
    <subfield code="k">RWTH</subfield>
  </datafield>
  <datafield tag="910" ind1="1" ind2=" ">
    <subfield code="0">I:(DE-588b)36225-6</subfield>
    <subfield code="6">P:(DE-82)862328</subfield>
    <subfield code="a">RWTH Aachen</subfield>
    <subfield code="b">2</subfield>
    <subfield code="k">RWTH</subfield>
  </datafield>
  <datafield tag="910" ind1="1" ind2=" ">
    <subfield code="0">I:(DE-588b)36225-6</subfield>
    <subfield code="6">P:(DE-82)013793</subfield>
    <subfield code="a">RWTH Aachen</subfield>
    <subfield code="b">3</subfield>
    <subfield code="k">RWTH</subfield>
  </datafield>
  <datafield tag="910" ind1="1" ind2=" ">
    <subfield code="0">I:(DE-588b)36225-6</subfield>
    <subfield code="6">P:(DE-82)IDM03332</subfield>
    <subfield code="a">RWTH Aachen</subfield>
    <subfield code="b">4</subfield>
    <subfield code="k">RWTH</subfield>
  </datafield>
  <datafield tag="914" ind1="1" ind2=" ">
    <subfield code="y">2026</subfield>
  </datafield>
  <datafield tag="915" ind1="1" ind2=" ">
    <subfield code="0">StatID:(DE-HGF)0031</subfield>
    <subfield code="2">StatID</subfield>
    <subfield code="a">Peer reviewed article</subfield>
    <subfield code="x">0</subfield>
  </datafield>
  <datafield tag="915" ind1=" " ind2=" ">
    <subfield code="0">LIC:(DE-HGF)CCBY4</subfield>
    <subfield code="2">HGFVOC</subfield>
    <subfield code="a">Creative Commons Attribution CC BY 4.0</subfield>
  </datafield>
  <datafield tag="915" ind1=" " ind2=" ">
    <subfield code="0">StatID:(DE-HGF)0030</subfield>
    <subfield code="2">StatID</subfield>
    <subfield code="a">Peer Review</subfield>
    <subfield code="b">DOAJ : Anonymous peer review</subfield>
    <subfield code="d">2024-04-10T15:27:03Z</subfield>
  </datafield>
  <datafield tag="915" ind1=" " ind2=" ">
    <subfield code="0">StatID:(DE-HGF)0100</subfield>
    <subfield code="2">StatID</subfield>
    <subfield code="a">JCR</subfield>
    <subfield code="b">J MANUF MATER PROC : 2022</subfield>
    <subfield code="d">2025-01-01</subfield>
  </datafield>
  <datafield tag="915" ind1=" " ind2=" ">
    <subfield code="0">StatID:(DE-HGF)0112</subfield>
    <subfield code="2">StatID</subfield>
    <subfield code="a">WoS</subfield>
    <subfield code="b">Emerging Sources Citation Index</subfield>
    <subfield code="d">2025-01-01</subfield>
  </datafield>
  <datafield tag="915" ind1=" " ind2=" ">
    <subfield code="0">StatID:(DE-HGF)0150</subfield>
    <subfield code="2">StatID</subfield>
    <subfield code="a">DBCoverage</subfield>
    <subfield code="b">Web of Science Core Collection</subfield>
    <subfield code="d">2025-01-01</subfield>
  </datafield>
  <datafield tag="915" ind1=" " ind2=" ">
    <subfield code="0">StatID:(DE-HGF)0199</subfield>
    <subfield code="2">StatID</subfield>
    <subfield code="a">DBCoverage</subfield>
    <subfield code="b">Clarivate Analytics Master Journal List</subfield>
    <subfield code="d">2025-01-01</subfield>
  </datafield>
  <datafield tag="915" ind1=" " ind2=" ">
    <subfield code="0">StatID:(DE-HGF)0200</subfield>
    <subfield code="2">StatID</subfield>
    <subfield code="a">DBCoverage</subfield>
    <subfield code="b">SCOPUS</subfield>
    <subfield code="d">2025-01-01</subfield>
  </datafield>
  <datafield tag="915" ind1=" " ind2=" ">
    <subfield code="0">StatID:(DE-HGF)0500</subfield>
    <subfield code="2">StatID</subfield>
    <subfield code="a">DBCoverage</subfield>
    <subfield code="b">DOAJ</subfield>
    <subfield code="d">2024-04-10T15:27:03Z</subfield>
  </datafield>
  <datafield tag="915" ind1=" " ind2=" ">
    <subfield code="0">StatID:(DE-HGF)0501</subfield>
    <subfield code="2">StatID</subfield>
    <subfield code="a">DBCoverage</subfield>
    <subfield code="b">DOAJ Seal</subfield>
    <subfield code="d">2024-04-10T15:27:03Z</subfield>
  </datafield>
  <datafield tag="915" ind1=" " ind2=" ">
    <subfield code="0">StatID:(DE-HGF)0510</subfield>
    <subfield code="2">StatID</subfield>
    <subfield code="a">OpenAccess</subfield>
  </datafield>
  <datafield tag="915" ind1=" " ind2=" ">
    <subfield code="0">StatID:(DE-HGF)0561</subfield>
    <subfield code="2">StatID</subfield>
    <subfield code="a">Article Processing Charges</subfield>
    <subfield code="d">2025-01-01</subfield>
  </datafield>
  <datafield tag="915" ind1=" " ind2=" ">
    <subfield code="0">StatID:(DE-HGF)0700</subfield>
    <subfield code="2">StatID</subfield>
    <subfield code="a">Fees</subfield>
    <subfield code="d">2025-01-01</subfield>
  </datafield>
  <datafield tag="915" ind1=" " ind2=" ">
    <subfield code="0">StatID:(DE-HGF)9900</subfield>
    <subfield code="2">StatID</subfield>
    <subfield code="a">IF &lt; 5</subfield>
    <subfield code="d">2025-01-01</subfield>
  </datafield>
  <datafield tag="920" ind1="1" ind2=" ">
    <subfield code="0">I:(DE-82)417410_20140620</subfield>
    <subfield code="k">417410</subfield>
    <subfield code="l">Lehrstuhl für Fertigungstechnologie</subfield>
    <subfield code="x">0</subfield>
  </datafield>
  <datafield tag="920" ind1="1" ind2=" ">
    <subfield code="0">I:(DE-82)417400_20240301</subfield>
    <subfield code="k">417400</subfield>
    <subfield code="l">Manufacturing Technology Institute – MTI</subfield>
    <subfield code="x">1</subfield>
  </datafield>
  <datafield tag="920" ind1="1" ind2=" ">
    <subfield code="0">I:(DE-82)053200_20140620</subfield>
    <subfield code="k">053200</subfield>
    <subfield code="l">Fraunhofer-Institut für Produktionstechnologie - IPT</subfield>
    <subfield code="x">2</subfield>
  </datafield>
  <datafield tag="980" ind1="1" ind2=" ">
    <subfield code="a">FullTexts</subfield>
  </datafield>
  <datafield tag="980" ind1=" " ind2=" ">
    <subfield code="a">I:(DE-82)053200_20140620</subfield>
  </datafield>
  <datafield tag="980" ind1=" " ind2=" ">
    <subfield code="a">I:(DE-82)417400_20240301</subfield>
  </datafield>
  <datafield tag="980" ind1=" " ind2=" ">
    <subfield code="a">I:(DE-82)417410_20140620</subfield>
  </datafield>
  <datafield tag="980" ind1=" " ind2=" ">
    <subfield code="a">UNRESTRICTED</subfield>
  </datafield>
  <datafield tag="980" ind1=" " ind2=" ">
    <subfield code="a">VDB</subfield>
  </datafield>
  <datafield tag="980" ind1=" " ind2=" ">
    <subfield code="a">journal</subfield>
  </datafield>
</record>
</collection>